00986cam a2200265 a 4500020001500000040000800015082002700023100002700050245004300077260004300120300002900163650001400192650002500206650002000231650001700251650001400268650001400282856006000296856006100356856006400417856006800481942000700549999001700556952014700573 a0618173870 cDLC00a813 HOU 2002 A092 Or. 1 aFoer, Jonathan Safran,10aEverything is illuminated :ba novel / aBoston :bHoughton Mifflin Co.,c2002. a276 p. :bill. ;c24 cm. 0aAmericans 0aWorld War, 1939-1945 0aJewish families 0aGrandfathers 0aNovelists 0aYoung men41uhttp://www.loc.gov/catdir/samples/hm051/2001051610.html42uhttp://www.houghtonmifflinbooks.com/readers_guides/foer/42uhttp://www.loc.gov/catdir/description/hm021/2001051610.html42uhttp://www.loc.gov/catdir/enhancements/fy0736/2001051610-b.html cEK c12471d12471 0010406813_000000000000000_HOU_2002_A092_OR70962228aLBAbLBAcA092d2017-08-14o813 HOU 2002 A092 Or.pA16852r2017-08-14w2017-08-14yEK